[Event "Muensterland Verbandsklasse 1920"]
[Site "Germany"]
[Date "2020.02.29"]
[Round "7.5"]
[White "Peters, Tobias"]
[Black "Lachmuth, Mathias"]
[Result "1/2-1/2"]
[WhiteElo "1686"]
[BlackElo "1656"]
[PlyCount "24"]
[EventDate "2019.09.14"]
[EventType "team-tourn"]
[EventRounds "7"]
[EventCountry "GER"]
[SourceTitle "EXT 2023"]
[Source "ChessBase"]
[SourceDate "2022.10.05"]
[SourceVersion "1"]
[SourceVersionDate "2022.10.05"]
[SourceQuality "1"]
[WhiteTeam "Emsdetten Rochade III"]
[BlackTeam "Reckenfeld"]
[WhiteTeamCountry "GER"]
[BlackTeamCountry "GER"]

1. e4 a6 2. d4 b5 3. f4 Bb7 4. Bd3 Nf6 5. Nd2 e6 6. Ngf3 c5 7. c3 Qc7 8. 0-0 Ng4 9. Qe1 Qxf4 10. Nc4 Qc7 11. Nce5 Nxe5 12. Nxe5 f6 1/2-1/2

[Event "Muensterland Verbandsklasse 1920"]
[Site "Germany"]
[Date "2019.11.16"]
[Round "3.5"]
[White "Vestrick, Frank"]
[Black "Peters, Tobias"]
[Result "1-0"]
[WhiteElo "1726"]
[BlackElo "1690"]
[PlyCount "81"]
[EventDate "2019.09.14"]
[EventType "team-tourn"]
[EventRounds "7"]
[EventCountry "GER"]
[SourceTitle "EXT 2023"]
[Source "ChessBase"]
[SourceDate "2022.10.05"]
[SourceVersion "1"]
[SourceVersionDate "2022.10.05"]
[SourceQuality "1"]
[WhiteTeam "Heiden"]
[BlackTeam "Emsdetten Rochade III"]
[WhiteTeamCountry "GER"]
[BlackTeamCountry "GER"]

1. d4 f5 2. c4 e6 3. g3 Nf6 4. Bg2 Be7 5. Nf3 0-0 6. 0-0 d6 7. Nc3 Ne4 8. Qc2 Nxc3 9. Qxc3 a5 10. Rd1 Qe8 11. Bd2 Nc6 12. Rac1 Bf6 13. e3 e5 14. d5 e4 15. Nd4 Nb4 16. Ra1 c5 17. dxc6 bxc6 18. Qa3 Bd7 19. Bxb4 axb4 20. Qb3 Qb8 21. Bf1 Kh8 22. Rd2 g5 23. Qd1 Qe8 24. a3 f4 25. axb4 Rxa1 26. Qxa1 fxe3 27. fxe3 Be5 28. Qd1 Qf7 29. Bg2 d5 30. Nb3 h5 31. Nc5 Bg4 32. Qc2 Bf3 33. Rf2 d4 34. Nxe4 g4 35. Qd2 Qxc4 36. Bxf3 dxe3 37. Qxe3 Rxf3 38. Qh6+ Kg8 39. Qg6+ Bg7 40. Rxf3 gxf3 41. Nf6+ 1-0

[Event "Steinfurt Bezirksliga 1617"]
[Site "Germany"]
[Date "2017.01.21"]
[Round "5.2"]
[White "Schulz, Joachim"]
[Black "Peters, Tobias"]
[Result "1-0"]
[WhiteElo "1898"]
[BlackElo "1562"]
[PlyCount "83"]
[EventDate "2016.09.24"]
[EventType "team"]
[EventRounds "9"]
[EventCountry "GER"]
[SourceTitle "EXT 2018"]
[Source "ChessBase"]
[SourceDate "2017.10.13"]
[SourceVersion "1"]
[SourceVersionDate "2017.10.13"]
[SourceQuality "1"]
[WhiteTeam "Steinfurt II"]
[BlackTeam "Emsdetten Rochade IV"]
[WhiteTeamCountry "GER"]
[BlackTeamCountry "GER"]

1. c4 c5 2. Nc3 Nc6 3. g3 g6 4. Bg2 Bg7 5. e3 e6 6. Nge2 Nge7 7. 0-0 0-0 8. Rb1 d6 9. a3 Ne5 10. d3 N7c6 11. b4 a6 12. f4 Ng4 13. b5 axb5 14. cxb5 Ne7 15. h3 Nh6 16. Ne4 Qb6 17. Qc2 Nhf5 18. g4 Nh4 19. Bh1 f5 20. Nd2 d5 21. Bb2 c4 22. Bd4 Bxd4 23. exd4 Rxa3 24. dxc4 Rxh3 25. c5 Qc7 26. g5 Bd7 27. Rb3 Rxb3 28. Qxb3 Qa5 29. Nc3 Ra8 30. Re1 Qa3 31. Nxd5 Nxd5 32. Bxd5 Qxb3 33. Bxb3 Ra3 34. Kf2 Bxb5 35. Rxe6 Kf8 36. Rb6 Ba4 37. Rxb7 Bc6 38. Rc7 Be4 39. c6 Ra1 40. Rf7+ Ke8 41. c7 Rc1 42. Rxh7 1-0

[Event "Mittelrhein Verbandsliga-W 16/17"]
[Site "Nordrheinwestfalen"]
[Date "2016.11.27"]
[Round "4.5"]
[White "Peters, Tobias"]
[Black "Weyer, Hans Juergen"]
[Result "1/2-1/2"]
[WhiteElo "2065"]
[BlackElo "1882"]
[PlyCount "44"]
[EventDate "2016.09.11"]
[EventType "team-tourn"]
[EventRounds "11"]
[EventCountry "GER"]
[SourceTitle "EXT 2022"]
[Source "ChessBase"]
[SourceDate "2021.10.06"]
[SourceVersion "1"]
[SourceVersionDate "2021.10.06"]
[SourceQuality "1"]
[WhiteTeam "Aachen PTSV"]
[BlackTeam "Herzogenrath"]
[WhiteTeamCountry "GER"]
[BlackTeamCountry "GER"]

1. d4 d5 2. c4 e6 3. Nc3 Nf6 4. Bg5 Be7 5. Nf3 Nbd7 6. e3 0-0 7. Qc2 h6 8. Bh4 c6 9. a4 b6 10. cxd5 cxd5 11. Bd3 Bb7 12. 0-0 Rc8 13. Qb3 a6 14. Rac1 Ne8 15. Bxe7 Qxe7 16. e4 dxe4 17. Bxe4 Bxe4 18. Nxe4 Nef6 19. Nxf6+ Qxf6 20. Qd3 a5 21. Qb5 Qd8 22. Rxc8 Qxc8 1/2-1/2

[Event "Steinfurt Bezirksliga 1617"]
[Site "Germany"]
[Date "2016.10.22"]
[Round "2.3"]
[White "Bilecen, Simon"]
[Black "Peters, Tobias"]
[Result "1/2-1/2"]
[WhiteElo "1556"]
[BlackElo "1562"]
[PlyCount "84"]
[EventDate "2016.09.24"]
[EventType "team"]
[EventRounds "9"]
[EventCountry "GER"]
[SourceTitle "EXT 2018"]
[Source "ChessBase"]
[SourceDate "2017.10.13"]
[SourceVersion "1"]
[SourceVersionDate "2017.10.13"]
[SourceQuality "1"]
[WhiteTeam "Emsdetten Rochade V"]
[BlackTeam "Emsdetten Rochade IV"]
[WhiteTeamCountry "GER"]
[BlackTeamCountry "GER"]

1. d4 Nf6 2. Nf3 c5 3. c3 e6 4. Bf4 Be7 5. e3 0-0 6. Bd3 Nc6 7. Nbd2 d6 8. Bc2 a6 9. a4 d5 10. 0-0 Nh5 11. Bg3 Nxg3 12. hxg3 f5 13. dxc5 Bxc5 14. Nb3 Bd6 15. Nbd4 Kh8 16. Nxc6 bxc6 17. Qd4 c5 18. Qd3 a5 19. Rfd1 Qf6 20. Qd2 c4 21. Qd4 Rb8 22. Qxf6 Rxf6 23. Rab1 Bd7 24. b3 cxb3 25. Rxb3 Rxb3 26. Bxb3 Bc7 27. c4 Bc6 28. cxd5 exd5 29. Nd4 Bb7 30. Nb5 Bb6 31. Bxd5 Ba6 32. Rc1 h5 33. Rc6 Rxc6 34. Bxc6 Bc8 35. Bd5 g6 36. Kf1 Kg7 37. Ke2 g5 38. Nd6 Bd7 39. Bb3 Kf6 40. f4 Bc6 41. Kf2 Bc5 42. Nc4 Bb4 1/2-1/2

[Event "Steinfurt Bezirksliga 1516"]
[Site "Germany"]
[Date "2015.12.19"]
[Round "4.2"]
[White "Peters, Tobias"]
[Black "Potalujew, Sergej"]
[Result "0-1"]
[WhiteElo "1613"]
[BlackElo "1681"]
[PlyCount "86"]
[EventDate "2015.09.19"]
[EventType "team-tourn"]
[EventRounds "9"]
[EventCountry "GER"]
[SourceTitle "EXT 2017"]
[Source "ChessBase"]
[SourceDate "2016.10.25"]
[SourceVersion "1"]
[SourceVersionDate "2016.10.25"]
[SourceQuality "1"]
[WhiteTeam "Emsdetten Rochade IV"]
[BlackTeam "Ibbenbueren II"]
[WhiteTeamCountry "GER"]
[BlackTeamCountry "GER"]

1. e4 c6 2. d4 d5 3. f3 e6 4. Bd3 c5 5. c3 cxd4 6. cxd4 Nc6 7. Be3 Qb6 8. Ne2 Bb4+ 9. Nbc3 Nge7 10. 0-0 Bxc3 11. bxc3 0-0 12. e5 Nxe5 13. Rb1 Qc7 14. dxe5 Qxe5 15. Bc5 Qc7 16. Bxe7 Qxe7 17. Bc2 b6 18. Qd3 g6 19. Rfe1 Qa3 20. Bb3 Rd8 21. Nd4 Ba6 22. Qe3 Qc5 23. Kh1 Rac8 24. Rbc1 Re8 25. Qe5 Bc4 26. h4 Qe7 27. Qg5 f6 28. Qg3 e5 29. Nf5 Qd7 30. Nh6+ Kg7 31. Ng4 h5 32. Ne3 Bxb3 33. axb3 Kf7 34. Red1 d4 35. cxd4 Rxc1 36. Rxc1 Qxd4 37. Rc7+ Re7 38. Rxe7+ Kxe7 39. Qe1 a5 40. Nc4 Ke6 41. Qe4 b5 42. Qxd4 exd4 43. Nxa5 d3 0-1

[Event "Steinfurt Bezirksklasse 1314"]
[Site "Germany"]
[Date "2014.01.18"]
[Round "4.5"]
[White "Peters, Tobias"]
[Black "Delere, Adrian"]
[Result "1-0"]
[WhiteElo "1528"]
[BlackElo "1386"]
[PlyCount "39"]
[EventDate "2013.10.05"]
[EventType "team-tourn"]
[EventRounds "9"]
[EventCountry "GER"]
[SourceTitle "EXT 2015"]
[Source "ChessBase"]
[SourceDate "2014.11.20"]
[SourceVersion "1"]
[SourceVersionDate "2014.11.20"]
[SourceQuality "1"]
[WhiteTeam "Rheine SG"]
[BlackTeam "Reckenfeld II"]
[WhiteTeamCountry "GER"]
[BlackTeamCountry "GER"]

1. e4 e5 2. Nf3 Nc6 3. d4 exd4 4. c3 dxc3 5. Nxc3 d6 6. Bc4 Be7 7. Qb3 Na5 8. Qa4+ c6 9. Bd3 b5 10. Nxb5 cxb5 11. Bxb5+ Kf8 12. 0-0 Nf6 13. Rd1 Qb6 14. Be3 Qd8 15. e5 Ng4 16. exd6 Bxd6 17. Bf4 Nb7 18. Bc6 Nc5 19. Qd4 Bxf4 20. Qxd8# 1-0

[Event "BEL-ch op"]
[Site "Antwerp"]
[Date "2013.07.10"]
[Round "5"]
[White "Peters, Tobias"]
[Black "Akhayan, Ruben"]
[Result "0-1"]
[WhiteElo "2020"]
[BlackElo "2245"]
[PlyCount "172"]
[EventDate "2013.07.06"]
[EventType "swiss"]
[EventRounds "9"]
[EventCountry "BEL"]
[SourceTitle "CBM 155 Extra"]
[Source "ChessBase"]
[SourceDate "2013.08.26"]
[SourceVersion "1"]
[SourceVersionDate "2013.08.26"]
[SourceQuality "1"]

1. d4 Nf6 2. c4 g6 3. Nc3 d5 4. Nf3 Bg7 5. Bg5 Ne4 6. Bf4 Nxc3 7. bxc3 dxc4 8. e3 Be6 9. Qb1 b6 10. Ng5 Bd5 11. e4 h6 12. Nf3 Bb7 13. Bxc4 Nd7 14. 0-0 0-0 15. e5 e6 16. Qd3 Qe7 17. Rad1 a6 18. a4 c6 19. Nd2 b5 20. Bb3 c5 21. c4 cxd4 22. Qxd4 b4 23. Qd6 Qxd6 24. exd6 Nc5 25. Be3 Rac8 26. Bxc5 Rxc5 27. Rfe1 Rd8 28. Ne4 Re5 29. f3 f5 30. Nf2 Rxd6 31. c5 Rxd1 32. Rxd1 Rxc5 33. Bxe6+ Kh7 34. Nd3 Rc7 35. Nxb4 Re7 36. Bc4 a5 37. Nd5 Re5 38. Kf2 Bc6 39. Bb3 Re8 40. Rd3 h5 41. g3 Kh6 42. Ne3 Bf8 43. Rc3 Ba8 44. h4 Bb4 45. Rc7 Rd8 46. Rc2 Rd3 47. Bc4 Rd4 48. Ng2 Bc5 49. Ke2 Rd7 50. Be6 Rc7 51. Nf4 Bd6 52. Rxc7 Bxc7 53. Ke3 Bc6 54. Bb3 Bb6+ 55. Ke2 Bb7 56. Bc4 Bc6 57. Bb3 Bb7 58. Bc4 Bc7 59. Ke3 Bc6 60. Bb3 Bb8 61. Bd1 Kg7 62. Bb3 Kf6 63. Bc2 Bd6 64. Bb3 Bb8 65. Bc2 Be8 66. Bb3 Ba7+ 67. Ke2 Ke5 68. Kd3 Bf2 69. Ne2 f4 70. Nxf4 Bxg3 71. Ng2 Bd7 72. Ke3 Bc6 73. Bc2 Kf6 74. Nf4 Bxh4 75. Bxg6 Bg5 76. Bxh5 Ke5 77. Kd3 Bxf4 78. Kc3 Bxa4 79. Kb2 Kd4 80. Ka3 Bb5 81. Bg6 Kc3 82. Bf5 Bd6+ 83. Ka2 Bc4+ 84. Ka1 Kb3 85. Be4 a4 86. f4 Bc5 0-1

[Event "Steinfurt Bezirksklasse 0708"]
[Site "Germany"]
[Date "2008.03.01"]
[Round "6.4"]
[White "Krueler, Andreas"]
[Black "Peters, Tobias"]
[Result "1-0"]
[WhiteElo "1529"]
[BlackElo "1329"]
[PlyCount "65"]
[EventDate "2007.10.13"]
[EventType "team-tourn"]
[EventRounds "7"]
[EventCountry "GER"]
[SourceTitle "EXT 2009"]
[Source "ChessBase"]
[SourceDate "2008.11.26"]
[SourceVersion "1"]
[SourceVersionDate "2008.11.26"]
[SourceQuality "1"]
[WhiteTeam "Steinfurt IV"]
[BlackTeam "Rheine SG II"]
[WhiteTeamCountry "GER"]
[BlackTeamCountry "GER"]

1. e4 e5 2. Bc4 Nf6 3. d3 d6 4. Bg5 Be7 5. h3 0-0 6. Nc3 Nbd7 7. Qd2 c6 8. Nf3 Qc7 9. Nh4 h6 10. Bxh6 gxh6 11. Qxh6 Nb6 12. Ng6 Nh7 13. Nxf8 Bxf8 14. Qg6+ Bg7 15. Bb3 Qe7 16. h4 d5 17. Qg3 Nf6 18. 0-0-0 d4 19. Ne2 Bg4 20. f3 Bh5 21. Qf2 a5 22. c3 c5 23. g4 Bg6 24. h5 Bh7 25. g5 a4 26. gxf6 Qxf6 27. Bc2 a3 28. b3 Bh6+ 29. Kb1 Qe6 30. f4 exf4 31. Nxf4 Qe5 32. Qg3+ Kf8 33. Ng6+ 1-0

[Event "Steinfurt Bezirksliga 0708"]
[Site "Germany"]
[Date "2007.12.01"]
[Round "4.8"]
[White "Peters, Tobias"]
[Black "Koczy, Willibald"]
[Result "1-0"]
[WhiteElo "1313"]
[BlackElo "1456"]
[PlyCount "77"]
[EventDate "2007.09.22"]
[EventType "team-tourn"]
[EventRounds "9"]
[EventCountry "GER"]
[SourceTitle "EXT 2009"]
[Source "ChessBase"]
[SourceDate "2008.11.26"]
[SourceVersion "1"]
[SourceVersionDate "2008.11.26"]
[SourceQuality "1"]
[WhiteTeam "Rheine SG"]
[BlackTeam "Ibbenbueren II"]
[WhiteTeamCountry "GER"]
[BlackTeamCountry "GER"]

1. e4 c5 2. Nf3 d6 3. d4 cxd4 4. Nxd4 Nf6 5. Bd3 g6 6. 0-0 Bg7 7. c3 a6 8. Bg5 Qc7 9. Nd2 Nbd7 10. Kh1 Ne5 11. N2f3 Nxd3 12. Qxd3 Bd7 13. Rac1 0-0 14. Nh4 Qa5 15. f4 Bc6 16. Nxc6 bxc6 17. a3 Qb6 18. b4 Rfe8 19. f5 Ng4 20. Qf3 Ne5 21. Qe2 h6 22. Be3 Qd8 23. fxg6 fxg6 24. Bd4 e6 25. Bxe5 Qxh4 26. Bxd6 Qd8 27. e5 Bf8 28. Qg4 Ra7 29. Qxg6+ Rg7 30. Qxh6 Qa8 31. Bxf8 Rxf8 32. Rxf8+ Qxf8 33. Qxe6+ Kh8 34. Qf6 Qa8 35. Rf1 Qb7 36. Qh6+ Kg8 37. Qe6+ Kh7 38. Rf8 c5 39. Qh3+ 1-0

[Event "Steinfurt Kreisklasse 0607"]
[Site "Germany"]
[Date "2006.11.18"]
[Round "3.5"]
[White "Hoffmann, Jens"]
[Black "Peters, Tobias"]
[Result "0-1"]
[WhiteElo "1015"]
[BlackElo "1348"]
[PlyCount "48"]
[EventDate "2006.09.23"]
[EventType "team-tourn"]
[EventRounds "10"]
[EventCountry "GER"]
[SourceTitle "EXT 2008"]
[Source "ChessBase"]
[SourceDate "2007.11.25"]
[SourceVersion "1"]
[SourceVersionDate "2007.11.25"]
[SourceQuality "1"]
[WhiteTeam "Emsdetten Turm IV"]
[BlackTeam "Rheine SG II"]
[WhiteTeamCountry "GER"]
[BlackTeamCountry "GER"]

1. d4 d5 2. Bf4 Nf6 3. e3 Bf5 4. c4 c6 5. Qb3 b6 6. Nc3 e6 7. Nf3 Bd6 8. Ne5 Bxe5 9. Bxe5 Nbd7 10. Bd6 Ne4 11. Nxe4 Bxe4 12. Rc1 Rc8 13. c5 f6 14. cxb6 Nxb6 15. Bc5 Kf7 16. a4 Qc7 17. a5 Nd7 18. Qa3 Nxc5 19. Qxc5 e5 20. f3 Bg6 21. Bb5 Qxa5+ 22. b4 Qxb5 23. Qxa7+ Ke6 24. dxe5 Qxb4+ 0-1

[Event "BEL-ch op"]
[Site "Namur"]
[Date "2006.07.04"]
[Round "4"]
[White "Piacentini, Claudio"]
[Black "Peters, Tobias"]
[Result "1/2-1/2"]
[WhiteElo "2175"]
[BlackElo "1897"]
[PlyCount "54"]
[EventDate "2006.07.01"]
[EventType "swiss"]
[EventRounds "9"]
[EventCountry "BEL"]
[SourceTitle "CBM 113 Extra"]
[Source "ChessBase"]
[SourceDate "2006.09.14"]
[SourceVersion "1"]
[SourceVersionDate "2006.09.14"]
[SourceQuality "1"]

1. e4 e6 2. d4 d5 3. e5 c5 4. c3 Qb6 5. Nf3 Nc6 6. Bd3 Bd7 7. dxc5 Bxc5 8. 0-0 f6 9. Qe2 fxe5 10. Nxe5 Nxe5 11. Qxe5 Nf6 12. h3 0-0 13. Nd2 Bd6 14. Qe2 e5 15. c4 d4 16. b4 Bxb4 17. Rb1 Qd6 18. Nb3 Bc6 19. c5 Bxc5 20. f3 Bb6 21. Nd2 Bd5 22. Nc4 Bxc4 23. Bxc4+ Kh8 24. Qd3 Bc5 25. Rxb7 Rab8 26. Rb3 Rxb3 27. Bxb3 Re8 1/2-1/2